how many wwe events can you name in 5 minutes - Statistics

General Stats
  • This quiz has been taken 34 times
  • The average score is 10 of 20
Answer Stats
Answer % Correct
2 Royal Rumble
100%
7 WrestleMania
100%
11 Summer Slam
90%
4 Elimination Chamber
83%
10 Money in the bank
79%
8 Backlash
72%
5 Survivor Series
72%
3 Fast Lane
62%
13 Hell in a Cell
59%
12 Payback
55%
14 TLC
55%
15 Extreme Rules
48%
17 No Mercy
38%
9 Night of Champions
34%
19 Battleground
17%
16 RoadBlock
14%
18 Clash Of Champions
10%
1 Monday Night Raw
3%
20 Smackdown Live
3%
6 hall of fame
0%
No matching quizzes found
Score Distribution
Percent of People with Each Score
Percentile by Number Answered
Your Score History
You have not taken this quiz